Normal view
MARC view
Entry Personal Name
001 - CONTROL NUMBER
- control field: 7340
003 - CONTROL NUMBER IDENTIFIER
- control field: BD-RjUL
005 - DATE AND TIME OF LATEST TRANSACTION
- control field: 20230413143612.0
008 - FIXED-LENGTH DATA ELEMENTS
- fixed length control field: 230413|| aca||aabn | a|a d
040 ## - CATALOGING SOURCE
- Original cataloging agency: BD-RjUL
- Transcribing agency: BD-RjUL
100 ## - HEADING--PERSONAL NAME
- Personal name: Sarker, Moniruzzaman, Supervisor
670 ## - SOURCE DATA FOUND
- Source citation: Work cat.: (BD-RjUL)81347: Asaduzzaman, Md., Effect of intracanal medication with calcium hydroxide and 1% chlorhexidine in endodontic treatment cases with periapical lesion / , 2018